[Event "LSS No Engine Cup 64 Final"]
[Site "LSS email"]
[Date "2013.01.01"]
[Round "?"]
[White "Tsimbalenko, Dmitry Aleksandrovi"]
[Black "Murphy, Jones"]
[Result "1-0"]
[WhiteElo "1658"]
[BlackElo "1321"]
[PlyCount "53"]
[EventDate "2013.01.02"]
[EventType "tourn (corr)"]
[EventRounds "6"]
[EventCountry "GER"]
[SourceTitle "Telechess CBM 161"]
[Source "ChessBase"]
[SourceDate "2014.07.16"]
[SourceVersion "1"]
[SourceVersionDate "2014.07.16"]
[SourceQuality "1"]

1. Nf3 g6 2. g3 Bg7 3. d4 Nf6 4. Bg2 0-0 5. 0-0 d6 6. c4 Nbd7 7. Nc3 e5 8. e4 c6 9. h3 Qb6 10. c5 dxc5 11. dxe5 Ne8 12. e6 fxe6 13. Ng5 Ne5 14. f4 Nf7 15. Nxf7 Bd4+ 16. Kh2 Rxf7 17. e5 Nc7 18. Ne4 Nd5 19. h4 Qd8 20. a4 a5 21. Ra3 b5 22. axb5 cxb5 23. b4 cxb4 24. Rd3 Bc3 25. Nd6 Rb8 26. Nxf7 Kxf7 27. f5 1-0

[Event "LSS No Engine Cup 61 Final"]
[Site "LSS email"]
[Date "2012.10.07"]
[Round "?"]
[White "Lacunza, Mario"]
[Black "Tsimbalenko, Dmitry Aleksandrovi"]
[Result "0-1"]
[WhiteElo "1839"]
[BlackElo "1638"]
[PlyCount "64"]
[EventDate "2012.10.08"]
[EventType "tourn (corr)"]
[EventRounds "6"]
[EventCountry "GER"]
[SourceTitle "Telechess CBM 159"]
[Source "ChessBase"]
[SourceDate "2014.03.17"]
[SourceVersion "1"]
[SourceVersionDate "2014.03.17"]
[SourceQuality "1"]

1. e4 e5 2. Nf3 Nc6 3. Bb5 a6 4. Ba4 Nf6 5. 0-0 Be7 6. Nc3 b5 7. Bb3 d6 8. Nd5 Na5 9. Nxe7 Qxe7 10. d3 0-0 11. Bd2 Nxb3 12. axb3 Nd7 13. b4 Bb7 14. Qe2 f5 15. Ng5 h6 16. Nh3 f4 17. f3 c5 18. bxc5 dxc5 19. Qe1 Rae8 20. Ba5 Nb8 21. Qc3 Rf6 22. Nf2 Rg6 23. Kh1 Kh7 24. Nd1 b4 25. Qd2 Nc6 26. b3 Bc8 27. Nb2 Be6 28. Qf2 Rb8 29. Ra2 Rb5 30. Rfa1 h5 31. Nc4 h4 32. h3 Rg3 0-1

[Event "LSS No Engine Cup 61 Final"]
[Site "LSS email"]
[Date "2012.10.07"]
[Round "?"]
[White "Roegiers, Ludo"]
[Black "Tsimbalenko, Dmitry Aleksandrovi"]
[Result "1/2-1/2"]
[WhiteElo "1442"]
[BlackElo "1638"]
[PlyCount "62"]
[EventDate "2012.10.08"]
[EventType "tourn (corr)"]
[EventRounds "6"]
[EventCountry "GER"]
[SourceTitle "Telechess CBM 159"]
[Source "ChessBase"]
[SourceDate "2014.03.17"]
[SourceVersion "1"]
[SourceVersionDate "2014.03.17"]
[SourceQuality "1"]

1. d4 Nf6 2. Bg5 Ne4 3. Bf4 c5 4. f3 Qa5+ 5. c3 Nf6 6. Nd2 cxd4 7. Nb3 Qb6 8. Qxd4 Nc6 9. Qxb6 axb6 10. Nd4 e5 11. Nxc6 exf4 12. Nd4 d5 13. e3 fxe3 14. Ke2 Bd7 15. Kxe3 Bc5 16. Bd3 0-0 17. Nge2 Rfe8+ 18. Kd2 g6 19. Bb5 Bf8 20. Rhe1 Bh6+ 21. Kc2 Re3 22. Bxd7 Nxd7 23. Red1 Rae8 24. Ng3 f5 25. a4 Bg7 26. Rd2 Nc5 27. h4 Bf6 28. h5 Kf7 29. hxg6+ hxg6 30. Nb5 R8e7 31. b4 Na6 1/2-1/2

[Event "LSS No Engine Cup 61 Final"]
[Site "LSS email"]
[Date "2012.10.07"]
[Round "?"]
[White "Tsimbalenko, Dmitry Aleksandrovi"]
[Black "Endean, Andrew"]
[Result "1/2-1/2"]
[WhiteElo "1638"]
[BlackElo "1683"]
[PlyCount "32"]
[EventDate "2012.10.08"]
[EventType "tourn (corr)"]
[EventRounds "6"]
[EventCountry "GER"]
[SourceTitle "Corr 2015"]
[Source "ChessBase"]
[SourceDate "2015.07.17"]
[SourceVersion "1"]
[SourceVersionDate "2015.07.17"]
[SourceQuality "1"]

1. d4 Nf6 2. c4 e6 3. Nc3 Bb4 4. Nf3 b6 5. Bg5 Bb7 6. e3 h6 7. Bh4 Bxc3+ 8. bxc3 d6 9. Nd2 Nbd7 10. f3 Qe7 11. Bd3 e5 12. e4 Nf8 13. Qa4+ Qd7 14. Qxd7+ N8xd7 15. Bf2 0-0 16. Be3 Rfe8 1/2-1/2

[Event "LSS No Engine Cup 64 Preliminary 2"]
[Site "LSS email"]
[Date "2012.04.21"]
[Round "?"]
[White "Tsimbalenko, Dmitry Aleksandrovi"]
[Black "Herzog, Klaus"]
[Result "1-0"]
[WhiteElo "1510"]
[BlackElo "1803"]
[PlyCount "31"]
[EventDate "2012.04.22"]
[EventType "tourn (corr)"]
[EventRounds "6"]
[EventCountry "GER"]
[SourceTitle "Corr 2015"]
[Source "ChessBase"]
[SourceDate "2015.07.17"]
[SourceVersion "1"]
[SourceVersionDate "2015.07.17"]
[SourceQuality "1"]

1. Nf3 Nc6 2. d4 d5 3. c4 Bg4 4. Nc3 e6 5. cxd5 Bxf3 6. exf3 exd5 7. Bb5 Bb4 8. Qa4 Qd7 9. 0-0 Nge7 10. Bg5 f6 11. Bd2 Bd6 12. Rfe1 0-0-0 13. Rxe7 Bxe7 14. Rc1 Bd6 15. g3 Kb8 16. Nd1 1-0

[Event "LSS No Engine Cup 64 Preliminary 2"]
[Site "LSS email"]
[Date "2012.04.21"]
[Round "?"]
[White "Tsimbalenko, Dmitry Aleksandrovi"]
[Black "Shim Ng Min, Francis"]
[Result "1-0"]
[WhiteElo "1505"]
[BlackElo "1172"]
[PlyCount "37"]
[EventDate "2012.04.22"]
[EventType "tourn (corr)"]
[EventRounds "6"]
[EventCountry "GER"]
[SourceTitle "Telechess CBM 153"]
[Source "ChessBase"]
[SourceDate "2013.03.14"]
[SourceVersion "1"]
[SourceVersionDate "2013.03.14"]
[SourceQuality "1"]

1. e4 c5 2. Nc3 Nc6 3. Nf3 d6 4. d4 cxd4 5. Nxd4 Nf6 6. Be3 e6 7. f3 Be7 8. Qd2 0-0 9. 0-0-0 Nxd4 10. Qxd4 e5 11. Qd2 Be6 12. g4 a6 13. h4 b5 14. h5 b4 15. Nd5 Bxd5 16. exd5 Qb8 17. g5 Nd7 18. g6 fxg6 19. Bh3 1-0

[Event "BI-2012-P-00007"]
[Site "LSS email"]
[Date "2012.04.20"]
[Round "?"]
[White "Best, Herbert A"]
[Black "Tsimbalenko, Dmitry Aleksandrovi"]
[Result "0-1"]
[WhiteElo "1474"]
[BlackElo "1638"]
[PlyCount "78"]
[EventDate "2012.04.22"]
[EventType "tourn (corr)"]
[EventRounds "10"]
[EventCountry "GER"]
[SourceTitle "Telechess CBM 159"]
[Source "ChessBase"]
[SourceDate "2014.03.17"]
[SourceVersion "1"]
[SourceVersionDate "2014.03.17"]
[SourceQuality "1"]

1. e4 e5 2. Nf3 Nc6 3. Bb5 a6 4. Ba4 Nf6 5. 0-0 Be7 6. Re1 b5 7. Bb3 0-0 8. c3 d6 9. d4 Bg4 10. d5 Na5 11. Bc2 c6 12. h3 Bc8 13. dxc6 Qc7 14. a4 Qxc6 15. axb5 axb5 16. b4 Nc4 17. Rxa8 Qxa8 18. Qe2 Bd7 19. Bd3 Rc8 20. Bg5 Qb7 21. Nbd2 Nb2 22. Nb3 Nxd3 23. Na5 Qxe4 24. Qxe4 Nxe4 25. Rxe4 Bxg5 26. Nxg5 d5 27. Re3 Rxc3 28. Nf3 d4 29. Re2 f6 30. Nb7 Nxb4 31. Nd6 Bc6 32. Nh4 Nc2 33. Nhf5 b4 34. Ne7+ Kf8 35. Nxc6 Rxc6 36. Ne4 b3 37. Nd2 d3 38. Re4 b2 39. Nb1 Na3 0-1

[Event "BI-2012-P-00007"]
[Site "LSS email"]
[Date "2012.04.20"]
[Round "?"]
[White "Tsimbalenko, Dmitry Aleksandrovi"]
[Black "De Waele, Willy"]
[Result "1/2-1/2"]
[WhiteElo "1638"]
[BlackElo "1990"]
[PlyCount "99"]
[EventDate "2012.04.22"]
[EventType "tourn (corr)"]
[EventRounds "10"]
[EventCountry "GER"]
[SourceTitle "Telechess CBM 159"]
[Source "ChessBase"]
[SourceDate "2014.03.17"]
[SourceVersion "1"]
[SourceVersionDate "2014.03.17"]
[SourceQuality "1"]

1. d4 d5 2. Nf3 Nf6 3. c4 e6 4. Nc3 c6 5. e3 Nbd7 6. Qc2 Bd6 7. g4 Nxg4 8. Rg1 Nxh2 9. Nxh2 Bxh2 10. Rxg7 Nf8 11. Rg2 Bd6 12. Bd2 Ng6 13. Be2 Qf6 14. 0-0-0 Nh4 15. Rgg1 Nf3 16. Bxf3 Qxf3 17. cxd5 exd5 18. e4 Be6 19. exd5 cxd5 20. Qa4+ Kd8 21. Rde1 a6 22. Rg7 Qf6 23. Bg5 Bf4+ 24. Bxf4 Qxf4+ 25. Kb1 Rc8 26. Qb4 Rc7 27. a3 Kc8 28. Na4 Kb8 29. Nc5 Ka7 30. Ka2 Bc8 31. a4 Qd6 32. a5 h5 33. Reg1 h4 34. Rg8 Rxg8 35. Rxg8 b6 36. axb6+ Qxb6 37. Qd2 Rc6 38. Qf4 Rf6 39. Qd2 Qc7 40. Re8 h3 41. Qe1 Ka8 42. b3 Rb6 43. Qe3 h2 44. Rh8 Rg6 45. Qh3 Qa5+ 46. Na4 Qd2+ 47. Nb2 Qa5+ 48. Na4 Qd2+ 49. Nb2 Qa5+ 50. Na4 1/2-1/2

[Event "BI-2012-P-00007"]
[Site "LSS email"]
[Date "2012.04.20"]
[Round "?"]
[White "Tsimbalenko, Dmitry Aleksandrovi"]
[Black "Laine, Jari"]
[Result "1/2-1/2"]
[WhiteElo "1638"]
[BlackElo "1797"]
[PlyCount "50"]
[EventDate "2012.04.22"]
[EventType "tourn (corr)"]
[EventRounds "10"]
[EventCountry "GER"]
[SourceTitle "Telechess CBM 159"]
[Source "ChessBase"]
[SourceDate "2014.03.17"]
[SourceVersion "1"]
[SourceVersionDate "2014.03.17"]
[SourceQuality "1"]

1. d4 e6 2. c4 Bb4+ 3. Nc3 Nf6 4. e3 c5 5. Bd3 0-0 6. Nf3 d5 7. 0-0 dxc4 8. Bxc4 cxd4 9. exd4 b6 10. Bg5 Bb7 11. Rc1 Nc6 12. a3 Be7 13. Qd3 Nd5 14. Bxd5 Bxg5 15. Nxg5 Qxg5 16. Be4 Rfd8 17. Bxh7+ Kf8 18. Be4 Rxd4 19. Qe3 Qxe3 20. fxe3 Rd7 21. Nb5 Rc8 22. Rfd1 Ne5 23. Bxb7 Rxc1 24. Rxc1 Rxb7 25. h3 Ke7 1/2-1/2

[Event "BI-2012-P-00007"]
[Site "LSS email"]
[Date "2012.04.20"]
[Round "?"]
[White "Tsimbalenko, Dmitry Aleksandrovi"]
[Black "Nyeste, Gyula"]
[Result "1-0"]
[WhiteElo "1638"]
[BlackElo "862"]
[PlyCount "59"]
[EventDate "2012.04.22"]
[EventType "tourn (corr)"]
[EventRounds "10"]
[EventCountry "GER"]
[SourceTitle "Telechess CBM 159"]
[Source "ChessBase"]
[SourceDate "2014.03.17"]
[SourceVersion "1"]
[SourceVersionDate "2014.03.17"]
[SourceQuality "1"]

1. d4 Nf6 2. c4 c5 3. d5 d6 4. Nc3 g6 5. e4 Bg7 6. Nf3 0-0 7. Be2 Nbd7 8. 0-0 Nb6 9. h3 Bd7 10. a4 a5 11. Be3 Qc8 12. Re1 Nh5 13. Qb3 Ra6 14. e5 dxe5 15. Ne4 f5 16. Nxc5 f4 17. Nxa6 fxe3 18. Qxe3 Nxc4 19. Qb3 Nd6 20. Rac1 Qd8 21. Nc5 b6 22. Nxd7 Qxd7 23. Nxe5 Bxe5 24. Bg4 Qa7 25. Rxe5 b5 26. Qe3 Qb8 27. Rxe7 Nc4 28. Be6+ Kh8 29. Qh6 Nf6 30. Qg7# 1-0

[Event "BI-2012-P-00007"]
[Site "LSS email"]
[Date "2012.04.20"]
[Round "?"]
[White "Tsimbalenko, Dmitry Aleksandrovi"]
[Black "Sukhanitskij, Stanislav"]
[Result "1/2-1/2"]
[WhiteElo "1638"]
[BlackElo "1989"]
[PlyCount "56"]
[EventDate "2012.04.22"]
[EventType "tourn (corr)"]
[EventRounds "10"]
[EventCountry "GER"]
[SourceTitle "Telechess CBM 159"]
[Source "ChessBase"]
[SourceDate "2014.03.17"]
[SourceVersion "1"]
[SourceVersionDate "2014.03.17"]
[SourceQuality "1"]

1. d4 d5 2. Nf3 Nf6 3. c4 dxc4 4. e3 e6 5. Bxc4 c5 6. 0-0 a6 7. a4 cxd4 8. exd4 Nc6 9. Nc3 Be7 10. Bg5 0-0 11. Re1 h6 12. Bh4 Bd7 13. Qe2 Nh5 14. Bxe7 Nxe7 15. Ne5 Nf6 16. Rad1 Ned5 17. Bxd5 Nxd5 18. Nxd5 exd5 19. Qc2 Be6 20. Qc5 Rc8 21. Qb4 b6 22. Rd3 Bf5 23. Rc3 Rxc3 24. Qxc3 Qd6 25. Nc6 Bd7 26. Ne7+ Kh7 27. Qf3 Be6 28. Qa3 Qxa3 1/2-1/2

[Event "LSS No Engine Cup 62 Preliminary 2"]
[Site "LSS email"]
[Date "2012.03.20"]
[Round "?"]
[White "Ducharme, Steven"]
[Black "Tsimbalenko, Dmitry Aleksandrovi"]
[Result "0-1"]
[WhiteElo "925"]
[BlackElo "1484"]
[PlyCount "54"]
[EventDate "2012.03.21"]
[EventType "tourn (corr)"]
[EventRounds "6"]
[EventCountry "GER"]
[SourceTitle "Telechess CBM 153"]
[Source "ChessBase"]
[SourceDate "2013.03.14"]
[SourceVersion "1"]
[SourceVersionDate "2013.03.14"]
[SourceQuality "1"]

1. e4 e5 2. Nf3 Nc6 3. Bb5 a6 4. Bxc6 dxc6 5. d4 exd4 6. Nxd4 c5 7. Nb3 Qxd1+ 8. Kxd1 Be6 9. Be3 0-0-0+ 10. Ke1 b6 11. Nc3 Ne7 12. a4 Nc6 13. Nd2 Be7 14. Ke2 Kb7 15. f3 Nd4+ 16. Bxd4 cxd4 17. Nd1 Rd6 18. Nf2 Rc6 19. Rhc1 Bd6 20. g3 Re8 21. c3 dxc3 22. bxc3 Be5 23. Ra3 Rd8 24. c4 Bb2 25. Rac3 Bxc3 26. Rxc3 Bxc4+ 27. Nxc4 Rd4 0-1

[Event "LSS No Engine Cup 61 Preliminary 6"]
[Site "LSS email"]
[Date "2012.03.07"]
[Round "?"]
[White "Fernandez, German"]
[Black "Tsimbalenko, Dmitry Aleksandrovi"]
[Result "0-1"]
[WhiteElo "1119"]
[BlackElo "1403"]
[PlyCount "48"]
[EventDate "2012.03.08"]
[EventType "tourn (corr)"]
[EventRounds "6"]
[EventCountry "GER"]
[SourceTitle "Telechess CBM 153"]
[Source "ChessBase"]
[SourceDate "2013.03.14"]
[SourceVersion "1"]
[SourceVersionDate "2013.03.14"]
[SourceQuality "1"]

1. d4 Nf6 2. c4 g6 3. Nc3 Bg7 4. e4 d6 5. Nf3 0-0 6. Bd3 e5 7. d5 Nbd7 8. 0-0 Nc5 9. b4 Nxd3 10. Qxd3 a5 11. Bg5 axb4 12. Ne2 c5 13. dxc6 bxc6 14. Rfd1 Ra3 15. Qxd6 Qxd6 16. Rxd6 Nxe4 17. Be7 Nxd6 18. Bxd6 Re8 19. Bxb4 Ra4 20. a3 e4 21. Nfd4 c5 22. Bxc5 Rxc4 23. Bb6 Bg4 24. a4 Bxe2 0-1

[Event "SE-2012-0-00101"]
[Site "LSS email"]
[Date "2012.02.26"]
[Round "?"]
[White "Tsimbalenko, Dmitry Aleksandrovi"]
[Black "Kraujunas, Vladas"]
[Result "1-0"]
[WhiteElo "1638"]
[BlackElo "1493"]
[PlyCount "45"]
[EventDate "2012.01.16"]
[EventType "tourn (corr)"]
[EventRounds "6"]
[EventCountry "GER"]
[SourceTitle "Telechess CBM 159"]
[Source "ChessBase"]
[SourceDate "2014.03.17"]
[SourceVersion "1"]
[SourceVersionDate "2014.03.17"]
[SourceQuality "1"]

1. d4 Nf6 2. c4 g6 3. Nc3 Bg7 4. e4 d6 5. f3 0-0 6. Be3 e5 7. d5 h6 8. Qd2 Kh7 9. Bd3 a5 10. Nge2 Na6 11. g4 Bd7 12. Ng3 a4 13. h4 Ng8 14. h5 Nc5 15. Bc2 Qf6 16. hxg6+ fxg6 17. 0-0-0 Qxf3 18. Nf5 gxf5 19. gxf5 b5 20. Rdf1 Qg3 21. cxb5 Nb3+ 22. axb3 axb3 23. Bb1 1-0

[Event "OP-2012-0-02061"]
[Site "LSS email"]
[Date "2012.02.12"]
[Round "?"]
[White "Tsimbalenko, Dmitry Aleksandrovi"]
[Black "Astroukh, Vitaly Sergeevich"]
[Result "1/2-1/2"]
[WhiteElo "1335"]
[BlackElo "1889"]
[PlyCount "57"]
[EventDate "2012.02.08"]
[EventType "tourn (corr)"]
[EventRounds "4"]
[EventCountry "GER"]
[SourceTitle "Telechess CBM 155"]
[Source "ChessBase"]
[SourceDate "2013.07.16"]
[SourceVersion "1"]
[SourceVersionDate "2013.07.16"]
[SourceQuality "1"]

1. d4 d5 2. Nf3 Nf6 3. c4 c6 4. Nc3 dxc4 5. a4 Bf5 6. Ne5 Nbd7 7. Nxc4 Nb6 8. Ne5 a5 9. g3 Nfd7 10. Nxd7 Qxd7 11. e4 Bh3 12. Bxh3 Qxh3 13. Qb3 Ra6 14. Bf4 e6 15. Be5 f6 16. Bc7 Bb4 17. 0-0-0 0-0 18. Ne2 g5 19. Rhg1 Kh8 20. Bxb6 Rxb6 21. Kb1 Bc5 22. Qe3 Bd6 23. d5 c5 24. Nc3 Rb3 25. dxe6 Qxe6 26. f4 gxf4 27. gxf4 Bxf4 28. Qxf4 Rxc3 29. bxc3 1/2-1/2

[Event "SN-2012-0-00415"]
[Site "LSS email"]
[Date "2012.01.18"]
[Round "?"]
[White "Tsimbalenko, Dmitry Aleksandrovi"]
[Black "Bozic, Deni"]
[Result "1-0"]
[WhiteElo "1403"]
[BlackElo "916"]
[PlyCount "55"]
[EventDate "2012.01.03"]
[EventType "tourn (corr)"]
[EventRounds "6"]
[EventCountry "GER"]
[SourceTitle "Telechess CBM 153"]
[Source "ChessBase"]
[SourceDate "2013.03.14"]
[SourceVersion "1"]
[SourceVersionDate "2013.03.14"]
[SourceQuality "1"]

1. Nf3 Nf6 2. d4 g6 3. c4 Bg7 4. Nc3 d6 5. e4 0-0 6. g3 Nbd7 7. Bg2 e6 8. 0-0 c5 9. d5 e5 10. Ne1 Nb6 11. b3 Bd7 12. Qc2 Qc7 13. a4 a6 14. Nd3 Bg4 15. a5 Nbd7 16. h3 Bh5 17. g4 Bxg4 18. hxg4 Nxg4 19. Qe2 Ndf6 20. f3 Nh6 21. Be3 Nh5 22. Qd2 Qe7 23. Bxh6 Ng3 24. Rf2 Qh4 25. Bxg7 Kxg7 26. f4 Qg4 27. fxe5 dxe5 28. Nxe5 1-0

[Event "OP-2012-0-02003"]
[Site "LSS email"]
[Date "2012.01.16"]
[Round "?"]
[White "Ederer, Karel"]
[Black "Tsimbalenko, Dmitry Aleksandrovi"]
[Result "1/2-1/2"]
[WhiteElo "2189"]
[BlackElo "1335"]
[PlyCount "91"]
[EventDate "2012.01.12"]
[EventType "tourn (corr)"]
[EventRounds "4"]
[EventCountry "GER"]
[SourceTitle "Telechess CBM 155"]
[Source "ChessBase"]
[SourceDate "2013.07.16"]
[SourceVersion "1"]
[SourceVersionDate "2013.07.16"]
[SourceQuality "1"]

1. e4 e5 2. Nf3 Nc6 3. Bb5 a6 4. Ba4 Nf6 5. 0-0 b5 6. Bb3 Be7 7. Re1 0-0 8. c3 d6 9. h3 Nb8 10. d4 Nbd7 11. Nbd2 Bb7 12. Bc2 Re8 13. Nf1 Bf8 14. Ng3 g6 15. a4 c5 16. d5 c4 17. Bg5 h6 18. Be3 Nc5 19. Qd2 h5 20. Bg5 Be7 21. Ra3 Nfd7 22. Be3 Qc7 23. Rea1 Nb6 24. axb5 axb5 25. Rxa8 Rxa8 26. Rxa8+ Bxa8 27. Bxc5 dxc5 28. Nf1 Bb7 29. Ne3 Bc8 30. Qd1 Bf8 31. g4 hxg4 32. hxg4 f6 33. Qa1 Bh6 34. g5 fxg5 35. Nh2 g4 36. Nhxg4 Bg5 37. Bd1 Kg7 38. Qa3 Nd7 39. Qa8 Bf4 40. Qc6 Qxc6 41. dxc6 Nb6 42. Nd5 Nxd5 43. exd5 Bxg4 44. Bxg4 e4 45. Bc8 b4 46. Ba6 1/2-1/2